000 01149nam a2200289 i 4500
001 182498
003 ES-MaACL
005 20251003063157.0
008 130909s2009 sp a | |||||||| | spa d
020 _a978-84-7797-313-3
080 _a913(460.187 Arribes del Duero)(084)
100 1 _aSierra Puparelli, Vicente,
_d1952-
_9153365
245 1 0 _aArribes del Duero :
_btierra de límites /
_cVicente Sierra Puparelli ; Antonio Colinas, José Antonio Pascual, Juan Francisco Blanco.
250 _a1ª ed.
260 _aSalamanca :
_bDepartamento de Cultura,
_c2009.
300 _a231 p. :
_bprincipalmente il. col. ;
_c25 x 30 cm.
490 1 _aPaisajes salmantinos ;
_vn. 1
651 4 _aArribes del Duero.
_9153366
700 0 _aColinas, Antonio,
_d1946-
_939602
700 0 _aPascual, José A.,
_d1942-
_989353
700 1 _aBlanco, Juan Francisco.
_9153367
830 0 _aPaisajes salmantinos ;
_vn. 1
_9224838
852 _aES-MaACL
_jA-12882
_9189410
_bR.149775
_cDEPO1
_dOlim: N-5882
_xDonación: Real Academia Española
914 _96336
_aReal Academia Española
_ednr
942 _2udc
_cMONOGRAFIA
999 _c182498
_d182498